Computational methods of neutron transport / (Record no. 184500)
[ view plain ]
| 000 -LEADER | |
|---|---|
| fixed length control field | 00922 a2200217 4500 |
| 003 - CONTROL NUMBER IDENTIFIER | |
| control field | Nust |
| 005 - DATE AND TIME OF LATEST TRANSACTION | |
| control field | 20221201140616.0 |
| 010 ## - LIBRARY OF CONGRESS CONTROL NUMBER | |
| LC control number | 84007405 |
| 020 ## - INTERNATIONAL STANDARD BOOK NUMBER | |
| International Standard Book Number | 0471092452 : |
| 040 ## - CATALOGING SOURCE | |
| Transcribing agency | Nust |
| 082 00 - DEWEY DECIMAL CLASSIFICATION NUMBER | |
| Classification number | 539.7213,LEW |
| 100 1# - MAIN ENTRY--PERSONAL NAME | |
| Personal name | Lewis, E. E. |
| 9 (RLIN) | 103923 |
| 245 10 - TITLE STATEMENT | |
| Title | Computational methods of neutron transport / |
| Statement of responsibility, etc. | E.E. Lewis, W.F. Miller, Jr. |
| 260 ## - PUBLICATION, DISTRIBUTION, ETC. | |
| Place of publication, distribution, etc. | New York : |
| Name of publisher, distributor, etc. | Wiley, |
| Date of publication, distribution, etc. | c1984. |
| 300 ## - PHYSICAL DESCRIPTION | |
| Extent | xvi, 401 p. : |
| Other physical details | ill. ; |
| Dimensions | 24 cm. |
| 505 ## - FORMATTED CONTENTS NOTE | |
| Formatted contents note | The Transport Equation (Page-1), Energy And Time Discretization (Page-61), Discrete Ordinates Methods In One Spatial Dimension (Page-116), Multidimensional Discrete Ordinates Methods (Page-156), Integral Transport Methods (Page-208), Even-Parity Transport Methods (Page-257), The Monte Carlo Method (Page-296). |
| 650 #0 - SUBJECT ADDED ENTRY--TOPICAL TERM | |
| Topical term or geographic name entry element | Neutron transport theory. |
| 9 (RLIN) | 103924 |
| 650 #0 - SUBJECT ADDED ENTRY--TOPICAL TERM | |
| Topical term or geographic name entry element | Numerical analysis. |
| 9 (RLIN) | 103 |
| 700 1# - ADDED ENTRY--PERSONAL NAME | |
| Personal name | Miller, W. F. |
| 9 (RLIN) | 103925 |
| 942 ## - ADDED ENTRY ELEMENTS (KOHA) | |
| Source of classification or shelving scheme | |
| Koha item type | Book |
| Call number prefix | 539.7213,LEW |
| Withdrawn status | Lost status | Source of classification or shelving scheme | Damaged status | Not for loan | Permanent Location | Current Location | Shelving location | Date acquired | Full call number | Barcode | Date last seen | Price effective from | Koha item type | Public note |
|---|---|---|---|---|---|---|---|---|---|---|---|---|---|---|
| Military College of Signals (MCS) | Military College of Signals (MCS) | General Stacks | 12/12/2016 | 539.7213,LEW | MCS886 | 12/08/2016 | 12/12/2016 | Book | Almirah No.16, Shelf No.6 |
